000 00425nam a2200145Ia 4500
008 090124s9999 xx 000 0 und d
082 _b201678
245 _a माझे विद्यापीठ
250 _a1
260 _bसुर्वे नारायण
_c1970
300 _a64
630 _a माझे विद्यापीठ
730 _a माझे विद्यापीठ
942 _cBOOK
999 _c183259
_d183259